000 00635cam a2200241 a 4500
999 _c7285
_d7285
001 7285
003 BD-JhCC
005 20180225171253.0
008 811123s1931 enk 00000 eng d
035 _a(BD-JhCC)
035 _a955083
040 _aANL
_dBVXJ
041 _aeng
082 0 4 _a822.912
_221
_bMAG 1966
100 1 _aMaugham, W. Somerset
_q(William Somerset),
_d1874-1965.
240 1 0 _aPlays /
245 1 4 _aThe collected plays of W. Somerset Maugham /
_cW. Somerset Maugham
260 _aLondon :
_bHeinemann,
_c1931.
300 _a620p. :
_c20 cm.
650 _aEnglish Drama
942 _2ddc
_cBK